UPAHASACHI MISAL उपहासाची मिसळ (Record no. 84805)

MARC details
000 -LEADER
fixed length control field 00303nam a22001217a 4500
082 ## - DEWEY DECIMAL CLASSIFICATION NUMBER
Classification number 891.464
Item number MAH
100 ## - MAIN ENTRY--AUTHOR NAME
Personal name MAHAJAN MUKUND
245 ## - TITLE STATEMENT
Title UPAHASACHI MISAL उपहासाची मिसळ
260 ## - PUBLICATION, DISTRIBUTION, ETC. (IMPRINT)
Place of publication PUNE
Name of publisher MAHAJN PREMA
Year of publication 2018
300 ## - PHYSICAL DESCRIPTION
Number of Pages 77
650 ## - SUBJECT ADDED ENTRY--TOPICAL TERM
Topical Term MARATHI SHORT STORIES
942 ## - ADDED ENTRY ELEMENTS (KOHA)
Koha item type Books
Holdings
Withdrawn status Lost status Collection code Home library Current library Shelving location Date acquired Source of acquisition Cost, normal purchase price Full call number Accession Number Koha item type Department
    Gen Ref. Book Modern College of Arts, Science and Commerce (Autonomous), Shivajinagar, Pune-5 Modern College of Arts, Science and Commerce (Autonomous), Shivajinagar, Pune-5 On Display 15/01/2022 DR. MAHAJAN MUKUND 85.00 891.464 MAH G6373 Books Marathi
    Gen Ref. Book Modern College of Arts, Science and Commerce (Autonomous), Shivajinagar, Pune-5 Modern College of Arts, Science and Commerce (Autonomous), Shivajinagar, Pune-5 On Display 15/01/2022 DR. MAHAJAN MUKUND 85.00 891.464 MAH G6374 Books Marathi
P.E.Society's Modern College of Arts, Science and Commerce (Autonomous), Shivajinagar, Pune-5, Library and Information Centre. All Rights Reserved & Copyright@2021. Implemented and Customised by Softech Solutions & Services| Pune
You Are OPAC Visitor No web counter